MARC

LEADER 00000nam0a2200000 4500
001 354780
005 20231102010727.0
035 |a (RuTPU)RU\TPU\retro\12039 
090 |a 354780 
100 |a 20200625d1979 m y0rusy50 ca 
101 0 |a rus 
102 |a RU 
105 |a a j 001zy 
200 1 |a Геохимия торфяных месторождений  |e учебное пособие для вузов  |f И. Ф. Ларгин, С. Е. Приемская, Т. В. Трошичева, И. В. Мокроусова  |g Калининский политехнический институт 
210 |a Калинин  |c Калининский политехнический университет  |d 1979 
215 |a 100 с.  |c ил. 
320 |a Библиогр.: с. 47-50 
606 1 |a Торфяные месторождения  |2 stltpush  |3 (RuTPU)RU\TPU\subj\61097  |9 78305 
610 1 |a учебные пособия 
610 1 |a геохимия 
610 1 |a торф 
610 1 |a зольная часть 
610 1 |a растения 
610 1 |a торфообразователи 
610 1 |a состав 
610 1 |a элементы 
675 |a 553.97  |v 4 
701 1 |a Ларгин  |b И. Ф.  |g Иван Федотович 
701 1 |a Приемская  |b С. Е.  |g Стелла Евгеньевна 
701 1 |a Трошичева  |b Т. В.  |g Татьяна Васильевна 
701 1 |a Мокроусова  |b И. В.  |g Ирина Владимировна 
712 0 2 |a Калининский политехнический институт  |c (1958-1990)  |2 stltpush  |3 (RuTPU)RU\TPU\col\7669  |9 24363 
801 1 |a RU  |b 63413507  |c 20200625 
801 2 |a RU  |b 63413507  |c 20210114  |g RCR 
942 |c BK